Purple for Sky

Spremljeno u:
Bibliografski detalji
Glavni autor: Carol Bruneau
Format: Knjiga
Jezik:Undetermined
Izdano: Canada Cormorant Books 2000
Teme:
Oznake: Dodaj oznaku
Bez oznaka, Budi prvi tko označuje ovaj zapis!
Thư viện lưu trữ: Trung tâm Học liệu Trường Đại học Cần Thơ
LEADER 00444nam a2200169Ia 4500
001 CTU_56098
008 210402s9999 xx 000 0 und d
082 |a 813.54 
082 |b B895 
100 |a Carol Bruneau 
245 0 |a Purple for Sky 
245 0 |c Carol Bruneau 
260 |a Canada 
260 |b Cormorant Books 
260 |c 2000 
650 |a literature Canandian ( English ) 
980 |a Trung tâm Học liệu Trường Đại học Cần Thơ